| 000 | 00349nam a22001217a 4500 | ||
|---|---|---|---|
| 999 |
_c1548 _d1548 |
||
| 005 | 20200901140852.0 | ||
| 008 | 200901b ||||| |||| 00| 0 eng d | ||
| 020 | _a0582191742 | ||
| 040 | _cCML | ||
| 245 |
_aNuffield Maths 4, Pupils' Book. _cLatham, P. |
||
| 260 |
_aEngland _bLongman _c1981 |
||
| 942 |
_2ddc _cBK _e1st Edition _h510 _mLAT |
||